Diccionario de Finanzas/ (Registro nro. 9732)
[ vista simple ]
| 000 -LEADER | |
|---|---|
| fixed length control field | 01067nam a2200193Ia 4500 |
| 005 - FECHA Y HORA DE LA ÚLTIMA TRANSACCIÓN | |
| control field | 20231012134200.0 |
| 008 - FIXED-LENGTH DATA ELEMENTS--GENERAL INFORMATION | |
| fixed length control field | 231011s9999 xx 000 0 und d |
| 020 ## - INTERNATIONAL STANDARD BOOK NUMBER | |
| International Standard Book Number | 950-743-227-2 |
| 040 ## - CATALOGING SOURCE | |
| Original cataloging agency | UPAN |
| Transcribing agency | Biblioteca San Vicente |
| Description conventions | RCAA2 |
| 041 ## - LANGUAGE CODE | |
| Language code of text/sound track or separate title | spa |
| 082 ## - DEWEY DECIMAL CLASSIFICATION NUMBER | |
| Classification number | 332.03 |
| Item number | G743d |
| año de publicación | 2004 |
| 100 ## - MAIN ENTRY--PERSONAL NAME | |
| Personal name | Greco, Orlando |
| Relator code | aut. |
| 245 #0 - TITLE STATEMENT | |
| Title | Diccionario de Finanzas/ |
| Remainder of title | Orlando Greco |
| 260 ## - PUBLICATION, DISTRIBUTION, ETC. (IMPRINT) | |
| Place of publication, distribution, etc | Buenos Aires: |
| Name of publisher, distributor, etc | Valletta, |
| Date of publication, distribution, etc | 2004 |
| 300 ## - PHYSICAL DESCRIPTION | |
| Extent | 344 p.; |
| Dimensions | 26 cm. |
| 505 ## - FORMATTED CONTENTS NOTE | |
| Formatted contents note | Este diccionario presenta una gran diversidad de palabras, expresiones y voces, muchas de las cuales tienen distintas acepciones o sentidos. Ademàs de los tèrminos estrictamente financieros, se incluyen otros de distintas temàticas, pero ìntimamente vinculados con aquellos, por ejemplo: contable, bancaria, empresarial, administrativa, etc. Es una obra de suma utilidda para una amplio abanico que abarca desde quienes desean instalar un negocio hasta altos directivos que quieren mejorar y profundizar sus conocimientos financieros. |
| 650 ## - SUBJECT ADDED ENTRY--TOPICAL TERM | |
| Form subdivision | Diccionario |
| General subdivision | Finanzas |
| 942 ## - ADDED ENTRY ELEMENTS (KOHA) | |
| Koha item type | Libros |
| Source of classification or shelving scheme | Dewey Decimal Classification |
| Withdrawn status | Lost status | Source of classification or shelving scheme | Damaged status | Not for loan | Collection code | Home library | Current library | Date acquired | Total Checkouts | Full call number | Barcode | Date last seen | Copy number | Price effective from | Koha item type |
|---|---|---|---|---|---|---|---|---|---|---|---|---|---|---|---|
| Dewey Decimal Classification | Referencia | Biblioteca UPAN San Vicente | Biblioteca UPAN San Vicente | 12/10/2023 | 332.03 G743d | 12002031 | 12/10/2023 | 01 | 12/10/2023 | Libros |